[Event "POL-chT U19 2nd League"]
[Site "Iwonicz"]
[Date "2015.08.01"]
[Round "2.21"]
[White "Pozniak, Marcin"]
[Black "Kukorowski, Jan"]
[Result "1-0"]
[WhiteElo "1544"]
[BlackElo "1677"]
[PlyCount "71"]
[EventDate "2015.07.25"]
[EventType "team-swiss"]
[EventRounds "11"]
[EventCountry "POL"]
[SourceTitle "EXT 2019"]
[Source "ChessBase"]
[SourceDate "2018.10.10"]
[SourceVersion "1"]
[SourceVersionDate "2018.10.10"]
[SourceQuality "1"]
[WhiteTeam "Kozuchow Odrodzenie U19"]
[BlackTeam "Gniezno LKS Chrobry U19"]
[WhiteTeamCountry "POL"]
[BlackTeamCountry "POL"]

1. d4 Nf6 2. c4 c5 3. Nf3 cxd4 4. Nxd4 Nc6 5. Nc3 g6 6. e4 Nxd4 7. Qxd4 Bg7 8. Be2 0-0 9. Qd1 d6 10. Be3 Be6 11. 0-0 Rc8 12. Qa4 a6 13. Rfd1 Nd7 14. Rac1 Nc5 15. Bxc5 Rxc5 16. b4 Rc6 17. Nd5 Bxd5 18. exd5 Rc7 19. c5 Qc8 20. c6 b5 21. Qb3 Rd8 22. a4 bxa4 23. Qxa4 Ra7 24. b5 Qc7 25. bxa6 e6 26. dxe6 fxe6 27. Rb1 Rda8 28. Rb7 Qd8 29. Rdb1 Qc8 30. c7 Bf8 31. Qc6 e5 32. h3 h6 33. Rb8 Rxb8 34. cxb8Q Qxc6 35. Qxa7 Qc2 36. Qb7 1-0

[Event "POL-chT U19 2nd League"]
[Site "Borowice"]
[Date "2012.07.28"]
[Round "10"]
[White "Pozniak, Marcin"]
[Black "Tokarz, Krzysztof"]
[Result "1/2-1/2"]
[WhiteElo "1566"]
[BlackElo "1464"]
[PlyCount "77"]
[EventDate "2012.07.21"]
[EventType "team-swiss"]
[EventRounds "11"]
[EventCountry "POL"]
[SourceTitle "EXT 2014"]
[Source "ChessBase"]
[SourceDate "2013.11.20"]
[SourceVersion "1"]
[SourceVersionDate "2013.11.20"]
[SourceQuality "1"]
[WhiteTeam "Zielona Gora KS 64 U19"]
[BlackTeam "Wroclaw MUKS MDK Fabryczna U19"]
[WhiteTeamCountry "POL"]
[BlackTeamCountry "POL"]

1. d4 d5 2. c4 dxc4 3. e3 Nf6 4. Bxc4 e6 5. Nf3 c5 6. 0-0 a6 7. a3 b5 8. Ba2 Nc6 9. dxc5 Qxd1 10. Rxd1 Bxc5 11. b4 Be7 12. Bb2 Bb7 13. Nbd2 0-0 14. Rac1 Rac8 15. h3 Rfd8 16. Kf1 Rd7 17. Nb3 Rcd8 18. Rxd7 Rxd7 19. Nbd4 Nxd4 20. Nxd4 Kf8 21. f3 Nd5 22. Ke2 Bf6 23. Rc2 Rc7 24. Rxc7 Nxc7 25. Kd2 Ke7 26. Bc3 Nd5 27. Bxd5 Bxd5 28. Ne2 e5 29. e4 Bb7 30. Kd3 Ke6 31. Nc1 Bd8 32. Nb3 Bb6 33. Bd2 Bc8 34. Be3 Bc7 35. Bc1 Bb6 36. Be3 Bc7 37. Bc1 Bb6 38. Be3 Bc7 39. Bc1 1/2-1/2

[Event "POL-chT U19 2nd League"]
[Site "Borowice"]
[Date "2012.07.23"]
[Round "3"]
[White "Pozniak, Marcin"]
[Black "Smolenski, Filip"]
[Result "0-1"]
[WhiteElo "1566"]
[BlackElo "1592"]
[PlyCount "104"]
[EventDate "2012.07.21"]
[EventType "team-swiss"]
[EventRounds "11"]
[EventCountry "POL"]
[SourceTitle "EXT 2014"]
[Source "ChessBase"]
[SourceDate "2013.11.20"]
[SourceVersion "1"]
[SourceVersionDate "2013.11.20"]
[SourceQuality "1"]
[WhiteTeam "Zielona Gora KS 64 U19"]
[BlackTeam "Szczecin Gryf U19"]
[WhiteTeamCountry "POL"]
[BlackTeamCountry "POL"]

1. d4 d5 2. c4 Nc6 3. Nf3 Bg4 4. cxd5 Bxf3 5. exf3 Qxd5 6. Be3 e5 7. Nc3 Bb4 8. a3 Bxc3+ 9. bxc3 exd4 10. Bxd4 Nxd4 11. Qxd4 Qxd4 12. cxd4 0-0-0 13. 0-0-0 Nf6 14. Bc4 Rd7 15. Rd2 Rhd8 16. Rhd1 Nd5 17. Bxd5 Rxd5 18. Kc2 b6 19. Kc3 Kb7 20. Re1 R5d7 21. Red1 Rd5 22. Re1 R8d7 23. g3 a5 24. f4 c5 25. Red1 Kc6 26. a4 cxd4+ 27. Rxd4 Rxd4 28. Rxd4 Rxd4 29. Kxd4 b5 30. axb5+ Kxb5 31. Kc3 Kc5 32. g4 a4 33. h4 Kd5 34. f3 a3 35. Kb3 a2 36. Kxa2 Kd4 37. f5 g6 38. fxg6 fxg6 39. h5 Ke3 40. hxg6 hxg6 41. Kb2 g5 42. Kc2 Kxf3 43. Kd2 Kxg4 44. Ke2 Kh3 45. Kf1 g4 46. Kg1 Kg3 47. Kh1 Kf2 48. Kh2 g3+ 49. Kh3 g2 50. Kg4 g1Q+ 51. Kf5 Kf3 52. Ke5 Qg4 0-1